00378pab a2200121 454500008004000000100002900040245010200069260000900171300001300180362001100193650001800204773003400222180718b2015 xxu||||| |||| 00| 0 eng d aGopikumar, Vandana et al aPersistent, complex and unresolved issues: Indian discourse on mental III health and homelessness c2015 ap.42-51. a14 Mar aMental health aEconomic and Political Weekly